000 01204nam#a2200313 4500
001 114004
003 DR-UNIBE
005 20250804120801.0
007 cr nn 008mamaa
008 250804s2010 xxu s 0 eng d
020 _a9781975253752 (electrónico)
040 _aBIBLIOTECA UNIBE
_cBIBLIOTECA UNIBE
_erda
041 _aeng
245 1 4 _aThe 5-Minute Clinical Consult 2026
250 _aTrigésimo cuarta edición
260 _aPhiladelphia :
_bLippincott Williams & Wilkins,
_c2026
300 _a1248 páginas
500 _aRecurso en línea: Disponible para miembros de UNIBE a través del portal web del CRAI: https://www.unibe.edu.do/biblioteca/libros-electronicos/
650 7 _aMedicina
_2lemb
650 7 _aMedicina clínica
_2lemb
655 _aRecurso electrónico
_942681
700 1 _aDomino, Frank J.
_eeditor
_9198169
700 1 _aBaldor, Robert A.
_eeditor
_9198170
700 1 _aBarry, Kathleen A.
_eeditor
_9198171
700 1 _aGolding, Jeremy
_eeditor
_9198172
700 1 _aStephens, Mark B.
_eeditor
_9198173
856 _uhttps://ovidsp.ovid.com/ovidweb.cgi?T=JS&NEWS=n&CSC=Y&PAGE=booktext&D=books&AN=02276248$&XPATH=/PG(0)&EPUB=Y
942 _2ddc
_cEB
999 _c114004
_d114004